Cartoon/Comic Characters By Hitler Quiz Stats

Quiz not verified by Sporcle

Challenge
Share
Tweet
Score 0/15 Timer 07:00
0 Plays Today
% Correct
Superman
98.7%
Captain America
98.6%
Family Guy
95.5%
Daffy Duck
94.2%
Wonder Woman
93.9%
Fantastic Four
93%
Bugs Bunny
91.9%
Donald Duck
90.5%
% Correct
The Simpsons
87.3%
Hellboy
81.9%
Nick Fury
47.9%
Martian Manhunter (Justice League)
47.3%
The Human Torch
35.4%
The Green Hornet
21.8%
The Justice Society of America
17.3%

You're not logged in!

Compare scores with friends on all Sporcle quizzes.
Sign Up with Email
OR
Log In

You Might Also Like...

Show Comments

Extras

Top Quizzes Today


Score Distribution

Your Account Isn't Verified!

In order to create a playlist on Sporcle, you need to verify the email address you used during registration. Go to your Sporcle Settings to finish the process.